000 00411 a2200169 4500
001 191812
020 _a978-85-10-03815-7
040 _cMagnum
100 _aBraga, Jussara
240 1 0 _aCrime no formigueiro e outras histórias
_lpor
245 1 0 _aCrime no formigueiro e outras histórias
300 _a62
362 0 _a2010
440 1 _aEditora do Brasil
697 _aLITERATURA JUVENIL
942 _cBK
999 _c191812
_d191812